[Event "BRNO OPEN 2019 A - FIDE open"]
[Site "Brno"]
[Date "2019.11.09"]
[Round "7"]
[White "Jires, Jiri"]
[Black "Chkhaidze, Nikoloz"]
[Result "1-0"]
[WhiteElo "2077"]
[BlackElo "2287"]
[PlyCount "105"]
[EventDate "2019.11.03"]

1. e4 c5 2. Nf3 g6 3. d4 cxd4 4. Nxd4 Bg7 5. Bc4 Nc6 6. Be3 Nf6 7. Nc3 O-O 8.
Bb3 d5 9. exd5 Na5 10. Nde2 a6 11. Qd2 b5 12. Bh6 Bb7 13. Bxg7 Kxg7 14. Qd4 Qc7
15. O-O-O Rfd8 16. f4 Rac8 17. Rd2 Nxb3+ 18. axb3 Bxd5 19. Nxd5 Rxd5 20. Qe3
Qa5 21. Rxd5 Qa1+ 22. Kd2 Qxh1 23. Rg5 Qb1 24. Nd4 Qxb2 25. Qd3 e6 26. Re5 Nd5
27. Nxe6+ fxe6 28. Rxe6 Qc3+ 29. Qxc3+ Nxc3 30. Rxa6 b4 31. Ra7+ Kg8 32. Rb7
Nd5 33. g3 Rc7 34. Rxc7 Nxc7 35. Kd3 Kf7 36. Kc4 Ke6 37. Kxb4 Kd5 38. Kc3 Ke4
39. Kc4 h5 40. b4 h4 41. b5 h3 42. b6 Na6 43. Kb5 Nb8 44. c4 Kd4 45. c5 Kd5 46.
g4 Nc6 47. b7 Nb8 48. f5 gxf5 49. gxf5 Ke5 50. c6 Kd6 51. f6 Nxc6 52. f7 Nd4+
53. Kb6 1-0

[Event "BRNO OPEN 2019 A - FIDE open"]
[Site "Brno"]
[Date "2019.11.09"]
[Round "7"]
[White "Kalinowska, Zuzanna"]
[Black "Hofirek, Benedikt"]
[Result "1/2-1/2"]
[WhiteElo "1998"]
[BlackElo "2269"]
[PlyCount "64"]
[EventDate "2019.11.03"]

1. d4 f5 2. g3 Nf6 3. Bg2 g6 4. Nh3 Bg7 5. Nf4 d6 6. h4 e5 7. dxe5 dxe5 8.
Qxd8+ Kxd8 9. Nd5 Nxd5 10. Bxd5 c6 11. Bg2 Na6 12. c3 Nc5 13. h5 Kc7 14. hxg6
hxg6 15. Rxh8 Bxh8 16. Be3 Ne6 17. Na3 f4 18. gxf4 exf4 19. Bd2 Bd7 20. O-O-O
Bf6 21. Rh1 Rh8 22. Rxh8 Bxh8 23. Nc2 g5 24. e3 Kd6 25. Ne1 b5 26. Bh3 fxe3 27.
Bxe3 a5 28. Nf3 Bf6 29. Bxe6 Bxe6 30. Nxg5 Bxa2 31. Ne4+ Ke5 32. Nxf6 Kxf6
1/2-1/2

[Event "BRNO OPEN 2019 A - FIDE open"]
[Site "Brno"]
[Date "2019.11.09"]
[Round "7"]
[White "Skurihin, Roman"]
[Black "Bullen, Alex"]
[Result "0-1"]
[WhiteElo "1830"]
[BlackElo "2108"]
[PlyCount "74"]
[EventDate "2019.11.03"]

1. e4 c6 2. d4 d5 3. Nc3 dxe4 4. Nxe4 Bf5 5. Ng3 Bg6 6. Nf3 Nd7 7. h4 h6 8. h5
Bh7 9. Bd3 Bxd3 10. Qxd3 e6 11. Bf4 Bb4+ 12. c3 Be7 13. O-O-O Ngf6 14. Be5 O-O
15. Ne4 Ng4 16. Qe2 Qa5 17. Kb1 Ngxe5 18. dxe5 Nxe5 19. Nd4 c5 20. Nb3 Qc7 21.
f4 c4 22. fxe5 cxb3 23. axb3 Rad8 24. Nf2 a5 25. Qe4 Qb6 26. Qc2 Qb5 27. Nd3
Rd7 28. Rh3 Rfd8 29. Ka2 Bg5 30. Rf3 Qb6 31. Qe2 Qc6 32. Kb1 b5 33. Kc2 a4 34.
Rdf1 axb3+ 35. Kxb3 Qc4+ 36. Kc2 b4 37. Nf4 b3+ 0-1

[Event "BRNO OPEN 2019 A - FIDE open"]
[Site "Brno"]
[Date "2019.11.09"]
[Round "7"]
[White "Denisenko, Denis"]
[Black "Sharon, Rafael"]
[Result "1/2-1/2"]
[WhiteElo "2091"]
[BlackElo "1540"]
[PlyCount "139"]
[EventDate "2019.11.03"]

1. d4 Nf6 2. Bf4 e6 3. e3 b6 4. Nf3 Bb7 5. Nbd2 Be7 6. h3 O-O 7. Bd3 c5 8. c3
cxd4 9. exd4 d6 10. Qe2 a6 11. O-O Nbd7 12. a4 Re8 13. Bh2 Qc7 14. Rfe1 h6 15.
Nc4 Nd5 16. Na3 Bf6 17. Nc2 e5 18. Qd2 Ne7 19. Qe2 Nc6 20. Qf1 Na5 21. Nd2 Nc6
22. Ne4 Na5 23. Nxf6+ Nxf6 24. Rad1 e4 25. Be2 Qd7 26. Nb4 e3 27. fxe3 Rxe3 28.
Bxa6 Bxa6 29. Nxa6 Rae8 30. Qf2 Qxa4 31. Nb4 Nc4 32. Bf4 Ne4 33. Qc2 Rxe1+ 34.
Rxe1 Qxc2 35. Nxc2 Nxb2 36. Rb1 Nxc3 37. Rxb2 Ne2+ 38. Kf1 Nxf4 39. Rxb6 d5 40.
Rd6 Nxg2 41. Kxg2 Re2+ 42. Kf3 Rxc2 43. Rd8+ Kh7 44. Rxd5 Kg6 45. Ra5 Rc3+ 46.
Kg4 Rd3 47. d5 h5+ 48. Kf4 Rxh3 49. Ke5 Rd3 50. d6 h4 51. Ra6 h3 52. d7+ Kg5
53. Rd6 f6+ 54. Ke6 Rxd6+ 55. Kxd6 h2 56. d8=Q h1=Q 57. Ke6 Qe4+ 58. Kf7 g6 59.
Qxf6+ Kh5 60. Kg7 Qb7+ 61. Kg8 Qc8+ 62. Kg7 Qd7+ 63. Kg8 Qf5 64. Qc6 Qg5 65.
Qf3+ Qg4 66. Qh1+ Kg5 67. Qd5+ Qf5 68. Qg2+ Kf6 69. Qb2+ Kg5 70. Qg2+ 1/2-1/2

[Event "BRNO OPEN 2019 A - FIDE open"]
[Site "Brno"]
[Date "2019.11.09"]
[Round "7"]
[White "Ahlers, Knut"]
[Black "Pokladnik, Martin"]
[Result "0-1"]
[WhiteElo "2037"]
[BlackElo "1934"]
[PlyCount "98"]
[EventDate "2019.11.03"]

1. d4 d6 2. Nf3 g6 3. g3 Bg7 4. Bg2 Nf6 5. O-O O-O 6. c4 c5 7. dxc5 dxc5 8. Nc3
Nc6 9. Be3 Be6 10. Qa4 Qa5 11. Qb5 Qb4 12. a3 Qxb5 13. cxb5 Na5 14. Nd2 Rfd8
15. Na4 Ng4 16. Bf4 Rac8 17. h3 Be5 18. Bxe5 Nxe5 19. Ne4 b6 20. b4 Nb3 21.
Rad1 Nd4 22. Nec3 Bb3 23. Rde1 cxb4 24. axb4 Nxb5 25. Nxb5 Bxa4 26. Nxa7 Rc7
27. f4 Nd7 28. Ra1 Rxa7 29. Bc6 b5 30. Bxb5 Rda8 31. Bc4 Nb6 32. Bd3 Bd7 33.
Rxa7 Rxa7 34. Kg2 Nd5 35. Rb1 Rb7 36. b5 Nc3 37. Rb3 Nxb5 38. g4 Nd6 39. Rc3
Bb5 40. Bxb5 Rxb5 41. Kf3 Rb4 42. h4 Kg7 43. g5 Nf5 44. Kg4 e5 45. e3 exf4 46.
exf4 Rb1 47. Rh3 Nd4 48. h5 Rg1+ 49. Kh4 Nf5# 0-1

[Event "BRNO OPEN 2019 A - FIDE open"]
[Site "Brno"]
[Date "2019.11.09"]
[Round "7"]
[White "Glozar, Petr"]
[Black "Smietanska, Wiktoria"]
[Result "1/2-1/2"]
[WhiteElo "1908"]
[BlackElo "1641"]
[PlyCount "118"]
[EventDate "2019.11.03"]

1. e4 c5 2. Nc3 Nc6 3. Bb5 Nd4 4. Nf3 e6 5. Ba4 Ne7 6. d3 Nec6 7. O-O Be7 8.
Re1 O-O 9. Bxc6 Nxc6 10. e5 d6 11. Bf4 dxe5 12. Nxe5 Nd4 13. Ne4 f6 14. Nc4 e5
15. Be3 b6 16. f4 exf4 17. Bxf4 Ba6 18. b3 Bb7 19. Ned6 Bxd6 20. Nxd6 Bc6 21.
a4 Qd7 22. Rf1 Nf5 23. Qg4 Nxd6 24. Qxd7 Bxd7 25. Bxd6 Rfe8 26. Rfe1 Bc6 27.
Kf2 Kf7 28. g3 Re6 29. Bf4 g5 30. Rxe6 Kxe6 31. Re1+ Kd7 32. Bd2 a6 33. Bc3 Rf8
34. d4 c4 35. a5 cxb3 36. cxb3 b5 37. Bb4 Rf7 38. Bc5 Bd5 39. b4 h6 40. Re3 Bc4
41. h4 g4 42. Re1 h5 43. Ke3 Be6 44. Kf4 Bc4 45. Kf5 Bd3+ 46. Kf4 Bc4 47. Kf5
Bd3+ 48. Kf4 Bc4 49. Ke4 Kc6 50. Kf5 Bd3+ 51. Ke6 Bc4+ 52. Kf5 Bd3+ 53. Kf4 Kd7
54. d5 Bc4 55. d6 Be6 56. Re3 Ba2 57. Re7+ Rxe7 58. dxe7 Be6 59. Ke4 Ke8
1/2-1/2

[Event "BRNO OPEN 2019 A - FIDE open"]
[Site "Brno"]
[Date "2019.11.09"]
[Round "7"]
[White "Balaz, Frantisek"]
[Black "Spodny, Josef"]
[Result "1-0"]
[WhiteElo "1843"]
[BlackElo "1821"]
[PlyCount "111"]
[EventDate "2019.11.03"]

1. b3 e5 2. Bb2 Nc6 3. e3 d6 4. Bb5 Nf6 5. Ne2 Be7 6. O-O O-O 7. Bxc6 bxc6 8.
f4 e4 9. d3 Nd5 10. Qd2 exd3 11. cxd3 c5 12. Nbc3 Nxc3 13. Nxc3 Bf6 14. Rae1
Bb7 15. e4 Bd4+ 16. Kh1 Qd7 17. Ne2 Bxb2 18. Qxb2 Qb5 19. Rf3 Rae8 20. Rg3 f6
21. f5 Qd7 22. Qc1 d5 23. Nf4 dxe4 24. Ne6 Rf7 25. dxe4 Rxe6 26. fxe6 Qxe6 27.
Qxc5 Bxe4 28. Kg1 c6 29. Qc4 Qxc4 30. bxc4 f5 31. Rd1 Re7 32. Kf2 Kf7 33. Rd6
g6 34. Rb3 Bc2 35. Rb8 Be4 36. Rbd8 a5 37. R6d7 Ke6 38. Rxe7+ Kxe7 39. Ra8 Kd6
40. Rxa5 Bd3 41. c5+ Kd5 42. Ke3 Be4 43. g3 Kc4 44. a3 g5 45. Ra7 Kxc5 46. Rxh7
Kd5 47. Rh8 g4 48. a4 Kc5 49. Rb8 Kd6 50. a5 Kc7 51. Rb6 c5 52. Rf6 Kb7 53. Kd2
c4 54. Kc3 Bd3 55. Kb4 Ka7 56. Rc6 1-0

[Event "BRNO OPEN 2019 A - FIDE open"]
[Site "Brno"]
[Date "2019.11.09"]
[Round "7"]
[White "Nezval, Filip"]
[Black "Ambros, Zdenek"]
[Result "1-0"]
[WhiteElo "1771"]
[BlackElo "1835"]
[PlyCount "133"]
[EventDate "2019.11.03"]

1. d4 d5 2. c4 e6 3. Nc3 Nf6 4. cxd5 exd5 5. Bg5 Be7 6. e3 O-O 7. Bd3 Nbd7 8.
Qc2 h6 9. Bxf6 Nxf6 10. Nf3 c6 11. h3 Be6 12. O-O-O Qa5 13. Kb1 c5 14. g4 cxd4
15. Nxd4 Rfc8 16. Qb3 Bb4 17. Nce2 Bc5 18. Rhg1 Bd7 19. Bb5 Bxb5 20. Qxb5 Qxb5
21. Nxb5 a6 22. Nbc3 Rd8 23. Rd3 Ne4 24. Nxe4 dxe4 25. Rxd8+ Rxd8 26. Ng3 Re8
27. Rd1 Re7 28. Rc1 Bd6 29. Nf5 Re6 30. Rc8+ Kh7 31. Rd8 Bb4 32. Rd7 Rf6 33.
Rxb7 Be1 34. Re7 Bxf2 35. Rxe4 g6 36. Nd4 Rd6 37. Kc2 Bxe3 38. Rxe3 Rxd4 39.
Kc3 Rd6 40. Rf3 Kg7 41. b4 g5 42. a4 Kg6 43. b5 axb5 44. axb5 f6 45. Kc4 h5 46.
Kc5 Re6 47. b6 hxg4 48. hxg4 Re5+ 49. Kc6 Re1 50. Rb3 f5 51. b7 Re8 52. gxf5+
Kxf5 53. b8=Q Rxb8 54. Rxb8 Kf4 55. Rf8+ Ke3 56. Rg8 Kf4 57. Rf8+ Ke3 58. Rg8
Kf4 59. Kd5 g4 60. Kd4 Kf3 61. Kd3 g3 62. Rf8+ Kg2 63. Ke2 Kg1 64. Rf1+ Kg2 65.
Ra1 Kh2 66. Kf3 g2 67. Kf2 1-0

[Event "BRNO OPEN 2019 A - FIDE open"]
[Site "Brno"]
[Date "2019.11.09"]
[Round "7"]
[White "Svobodova, Michaela"]
[Black "Kochev, Igor"]
[Result "0-1"]
[WhiteElo "2070"]
[BlackElo "1696"]
[PlyCount "214"]
[EventDate "2019.11.03"]

1. e4 e6 2. d4 d5 3. Nc3 Bb4 4. e5 c5 5. a3 Bxc3+ 6. bxc3 Qc7 7. Nf3 Ne7 8. h4
Nbc6 9. h5 h6 10. Bd3 c4 11. Be2 Qa5 12. Bd2 Qa4 13. O-O Bd7 14. Nh2 O-O-O 15.
Ng4 Nf5 16. Bf4 Rdg8 17. Qd2 Nb8 18. Rfb1 Bc6 19. Qc1 Qa5 20. Qb2 Nd7 21. Bf3
Nh4 22. Be2 Nf5 23. Ne3 Nxe3 24. Bxe3 Qb6 25. Qb4 Qxb4 26. cxb4 Ba4 27. Bd1 b5
28. Kf1 Kb7 29. Ke1 Rc8 30. Kd2 c3+ 31. Ke1 Nb6 32. Rc1 Nc4 33. Be2 Nb2 34. Bf4
Kb6 35. f3 Rc7 36. Bg3 Ra8 37. Kf2 a5 38. Ke3 Rac8 39. Bd3 Nc4+ 40. Ke2 Nb2 41.
Bf2 Rb8 42. g4 Nxd3 43. Kxd3 Rc4 44. Rab1 Rbc8 45. Be3 axb4 46. axb4 Kc7 47.
Rg1 Rh8 48. f4 Kd7 49. f5 Rc7 50. Rgf1 f6 51. fxe6+ Kxe6 52. Rf5 Rf7 53. Rbf1
Rhf8 54. Bf4 fxe5 55. Rxe5+ Kd6 56. Re8+ Kd7 57. Rxf8 Rxf8 58. Rf2 Rf6 59. Ke3
g6 60. hxg6 Rxg6 61. Kf3 Ke7 62. Kg3 Rf6 63. Kh4 Kf7 64. Kh5 Kg8 65. Kh4 Kf7
66. Kg3 Kg6 67. Rh2 Kf7 68. Be5 Rg6 69. Kf4 Ke6 70. Rg2 Rg8 71. Re2 Rf8+ 72.
Kg3 Kf7 73. Rh2 Kg6 74. Bf4 Rh8 75. g5 h5 76. Re2 h4+ 77. Kh3 Kh5 78. Be5 Re8
79. Rg2 Re6 80. Bf6 Re3+ 81. Kh2 h3 82. Rf2 Kg6 83. Bd8 Re4 84. Bf6 Re3 85. Be5
Re4 86. Kxh3 Kxg5 87. Kg3 Re3+ 88. Kg2 Re1 89. Kf3 Rb1 90. Bd6 Rb2 91. Ke3 Bxc2
92. Be7+ Kg6 93. Rf6+ Kg7 94. Rc6 Rb3 95. Rc5 Be4 96. Rxb5 c2+ 97. Kd2 Rb1 98.
Rc5 Rd1+ 99. Ke3 c1=Q+ 100. Rxc1 Rxc1 101. Kf4 Rc4 102. Bc5 Kf6 103. b5 Rc1
104. b6 Rb1 105. Ke3 Ke6 106. Kd2 Kd7 107. Kc3 Kc6 0-1

[Event "BRNO OPEN 2019 A - FIDE open"]
[Site "Brno"]
[Date "2019.11.09"]
[Round "7"]
[White "Tesar, Jan"]
[Black "Mazanec, Karel"]
[Result "1-0"]
[WhiteElo "2029"]
[BlackElo "1618"]
[PlyCount "85"]
[EventDate "2019.11.03"]

1. d4 d5 2. Nf3 Nf6 3. e3 e6 4. Bd3 Be7 5. b3 O-O 6. Bb2 Nbd7 7. Nbd2 c5 8. O-O
b6 9. Ne5 Bb7 10. f4 cxd4 11. exd4 Rc8 12. Qf3 Ne8 13. f5 Nxe5 14. dxe5 exf5
15. Bxf5 Rc7 16. e6 f6 17. Bxh7+ Kxh7 18. Qh5+ Kg8 19. Rf3 Bc5+ 20. Kh1 Qe7 21.
Re1 g6 22. Qxg6+ Qg7 23. Qh5 Qh7 24. Rg3+ Rg7 25. Rxg7+ Nxg7 26. Qf3 Bd6 27. h3
Ne8 28. Qg4+ Qg7 29. Qxg7+ Kxg7 30. Nf3 Nc7 31. Nd4 Bc5 32. Nf5+ Kg6 33. g4 Re8
34. e7 Bc8 35. Nh4+ Kf7 36. Rf1 Bxe7 37. g5 f5 38. g6+ Kg8 39. Nxf5 Bxf5 40.
Rxf5 Rf8 41. Rh5 Bf6 42. Bc1 Bg7 43. Ba3 1-0

[Event "BRNO OPEN 2019 A - FIDE open"]
[Site "Brno"]
[Date "2019.11.09"]
[Round "7"]
[White "Ochedzan, Filip"]
[Black "Chmelicek, Bronislav"]
[Result "1/2-1/2"]
[WhiteElo "1435"]
[BlackElo "1935"]
[PlyCount "120"]
[EventDate "2019.11.03"]

1. e4 c6 2. d4 d5 3. Nc3 dxe4 4. Nxe4 Nd7 5. Bc4 Ngf6 6. Ng5 e6 7. Qe2 Nb6 8.
Bd3 h6 9. N5f3 c5 10. dxc5 Bxc5 11. Ne5 O-O 12. Ngf3 Nbd7 13. O-O Nxe5 14. Nxe5
b6 15. Bf4 Bb7 16. Rad1 Qe7 17. Rd2 Rfd8 18. Rfd1 Rd4 19. Bh7+ Kxh7 20. Rxd4
Bxd4 21. Rxd4 Nd5 22. Bg3 f5 23. f4 Rg8 24. h4 Nf6 25. Bf2 Rd8 26. c3 Rxd4 27.
Bxd4 Qe8 28. Qe1 Qh5 29. Qg3 Ne4 30. Qe1 Nf6 31. b4 Ng4 32. Qg3 Nxe5 33. Bxe5
Qg6 34. Qxg6+ Kxg6 35. Bd4 Kf7 36. Kf2 g6 37. g3 Ke7 38. Ke3 Bd5 39. a3 Kd6 40.
Kd3 Be4+ 41. Kc4 Kc6 42. b5+ Kb7 43. Kb4 h5 44. a4 Bd5 45. c4 Bf3 46. a5 Be2
47. a6+ Ka8 48. c5 bxc5+ 49. Bxc5 Bf1 50. Ka5 Be2 51. b6 axb6+ 52. Kxb6 Bc4 53.
a7 Bd5 54. Kc7 Bc4 55. Kd6 Kb7 56. Ke5 Be2 57. Kf6 Bg4 58. Kxe6 Ka8 59. Kf6 Kb7
60. Kxg6 Ka8 1/2-1/2

[Event "BRNO OPEN 2019 A - FIDE open"]
[Site "Brno"]
[Date "2019.11.09"]
[Round "7"]
[White "Marsa, Alexandr"]
[Black "Belov, Filipp"]
[Result "1/2-1/2"]
[WhiteElo "1873"]
[BlackElo "1356"]
[PlyCount "95"]
[EventDate "2019.11.03"]

1. d4 Nf6 2. c4 g6 3. Nc3 Bg7 4. e4 d6 5. Be2 O-O 6. Be3 Nbd7 7. f4 c5 8. e5
Ne8 9. exd6 exd6 10. Nf3 cxd4 11. Bxd4 Bxd4 12. Qxd4 Nc5 13. Rd1 Ne6 14. Qd2
Qb6 15. Nd5 Qd8 16. O-O Nf6 17. Nxf6+ Qxf6 18. Nd4 Nxd4 19. Qxd4 Qe7 20. Bf3
Qc7 21. b3 Rd8 22. c5 d5 23. Bxd5 Bg4 24. Rd2 Be6 25. Qc4 b5 26. cxb6 Qxb6+ 27.
Kh1 Rac8 28. Qe4 Rc5 29. Bxe6 Rxd2 30. Bc4 Rc8 31. f5 Rf8 32. h3 Rxa2 33. fxg6
Qxg6 34. Qf3 a5 35. b4 Ra4 36. Bd3 Qg7 37. bxa5 Rxa5 38. Bc4 Ra1 39. Rxa1 Qxa1+
40. Kh2 Qe5+ 41. Qg3+ Qxg3+ 42. Kxg3 Kg7 43. Bd5 f5 44. Kf4 Kg6 45. Be6 Rf6 46.
Bc8 Rf8 47. Bd7 Rf6 48. Bc8 1/2-1/2